000 00217 a2200097 4500
001 51076
100 _aRitterman S
245 _aComputer Circuits concepts
260 _aNew York
_bMcGraw-H
_c
090 _c32337
_d32337
942 _aNUST-CAE
_cM
_c24822
999 _c286149
_d286149